000
00342 a2200157 4500
001
126825
020
_a
9782011560483
040
_c
Escola Canadense de Niteroi
100
_a
Marie-José Lopes
245
1
0
_a
Totem 1 : méthode de français A1
300
_b
il.
362
0
_a
2014
490
0
_a
Totem
650
4
_a
Francês
942
_c
BK
999
_c
126825
_d
126825